000 00497nam a2200193Ia 4500
003 GCL
008 140319s9999 xx 000 0 ara d
040 _aGCL /
_cGCL
082 0 4 _aد
_b050
100 1 _aفوزية مهران
245 1 0 _aايه وبشرى ( اقرا 532 ) /
_cفوزية مهران
300 _a123 ص
490 _aوثائق ونصوص
_v0
650 0 4 _aالاسلام
650 0 4 _aالوحدانية
650 0 4 _aالله
650 0 4 _aالدين
942 _2ddc
_cCF
999 _c27306
_d27306